|
|
|
|
| LEADER |
00000cam a2200000 7i4500 |
| 001 |
0000000623 |
| 002 |
000000714 |
| 005 |
20000330.0 |
| 020 |
|
|
|a 9676103306
|
| 090 |
0 |
0 |
|a JF
|b NEI
|
| 100 |
1 |
|
|a Neilsen, Roderick
|
| 245 |
1 |
4 |
|a The path of the ancients
|c Roderick Neilsen
|
| 260 |
|
|
|a Kuala Lumpur :
|b Utusan Publications & Distrubutors Sdn.Bhd. ,
|c 1993
|
| 300 |
|
|
|a 122p. ;
|c 21cm.
|
| 490 |
0 |
|
|a Hornbill stories
|
| 650 |
0 |
0 |
|a Children's stories
|
| 999 |
|
|
|a 056127
|b BUKU
|c PINJAMAN
|e PERPUSTAKAAN KOMUNITI CAW KOTA DAMANSARA
|
| 999 |
|
|
|a 056128
|b BUKU
|c PINJAMAN
|e PERPUSTAKAAN KOMUNITI CAW KOTA DAMANSARA
|